Universidad Católica del Uruguay: el largo camino hacia la diversidad
Saved in:
| Main Author: | |
|---|---|
| Format: | Book |
| Language: | Spanish |
| Published: |
Montevideo
Universidad Católica del Uruguay
2005
|
| Subjects: | |
| Tags: |
Add Tag
No Tags, Be the first to tag this record!
|
MARC
| LEADER | 00000nam a2200000 a 4500 | ||
|---|---|---|---|
| 001 | UCG1212 | ||
| 003 | CL-VaPUC | ||
| 008 | 100429e20050000UY |||||||||||||||||spa|d | ||
| 020 | |a 9974631106 | ||
| 082 | 0 | 4 | |a 378.985 |b MON |2 21 |
| 100 | |a Monreal, Susana |e autora |9 549003 | ||
| 245 | 1 | 0 | |a Universidad Católica del Uruguay: el largo camino hacia la diversidad |
| 300 | |a 413 p | ||
| 942 | |c BK | ||
| 945 | |d 20100429 00:00:00 |a rbrito | ||
| 260 | |a Montevideo |b Universidad Católica del Uruguay |c 2005 | ||
| 600 | 0 | 7 | |a UNIVERSIDAD CATOLICA DEL URUGUAY |2 CL-VaPUC |9 549004 |
| 650 | 0 | |a Educación superior |9 223851 | |
| 651 | 7 | |a MONTEVIDEO |2 CL-VaPUC |9 368778 | |
| 651 | 0 | |a Uruguay |9 255194 | |
| 583 | |a last modification |c 20100429 00:00:00 |k Rodrigo Vera | ||
| 999 | |c 340621 |d 340619 | ||
| 952 | |0 0 |1 0 |4 0 |6 378_985000000000000_MON_2005 |7 0 |8 DER_HDC |9 435489 |a BIBDER |b BIBDER |d 2019-11-22 |i 4668200 |o 378.985 MON 2005 |p 4668200 |r 2023-01-25 |w 2019-11-22 |x Ubicación 4to Piso |y BK |z Estos recursos deben solicitarse con anticipación |k DER | ||